000 00190nam a2200073Ia 4500
008 170817s9999 xx 000 0 und d
100 _aREDDY L. V.
245 0 _aMATHODS OF TEACHING RURAL SOCIOLOGY
260 _bDISCOVERY PUB
999 _c37225
_d37225